000 00493nam a2200169 i 4500
001 78589
003 ES-MaACL
005 20230906173745.0
007 t|
008 041015s1971 sp ||||1| spa d
100 1 _aHausherr, I.
_962118
245 1 3 _aLa perfección del cristiano /
_cI. Hausherr ; texto fijado por M. Olphe-Galliard.
260 _aBilbao :
_bMensajero,
_c[1971]
300 _a282 p. ;
_c20 cm.
700 1 _aOlphe-Galliard, M.
_987009
852 _aES-MaACL
_jC-44807
_bR.80711
999 _c78589
_d78589